Statistics for U.S. General Knowledge #49

Click here to take the quiz!

General Stats

  • This quiz has been taken 10,627 times
  • The average score is 12 of 20

Answer Stats

QuestionAnswer% Correct
What cartoon cat shares his name with the 20th President of the United States?Garfield
93%
What Native American girl supposedly saved John Smith's life in Virginia colony in 1607?Pocahontas
88%
What is the largest state (by area) in New England?Maine
87%
On what famous statue is it written "Give me your tired, your poor, your huddled masses"?The Statue of Liberty
77%
What type of "bombshell" were Jean Harlow and Marilyn Monroe?{Blonde} Bombshell
75%
Which island do the New York Islanders of the NHL hail from?Long Island
73%
What, according to cliche, are the 3 most important things in real estate?Location, Location,
Location
68%
What company was founded by Sam Walton in 1962?Walmart
67%
What restaurant, famous for its never-ending pasta bowl, has been satirically described
as the fanciest restaurant you can go to wearing sweatpants?
Olive Garden
65%
Complete the analogy: Baton Rouge is to New Orleans as Lansing is to _______.Detroit
64%
What famous stadium is named for a chewing gum tycoon?Wrigley Field
63%
What TV family had a robot housekeeper named Rosie?The Jetsons
62%
What doesn't a "walk-up" apartment have?Elevators
60%
What 19th century steel tycoon donated enough money to build over 2,500 libraries?Andrew Carnegie
55%
What type of building would you be inside if you encountered a "one-arm bandit"?Casino
53%
What film festival is held in a Utah ski town?Sundance
47%
Who starred as a character named Tony in both "Taxi" and "Who's the Boss"?Tony Danza
43%
Fill in the blanks to the famous 1897 newpaper editorial:
"Yes, Virginia, there is a _____ _____".
Santa Claus
32%
What did "Jeopardy" host Alex Trebek famously lose in 2001?His Mustache
31%
Who raised eyebrows when he admitted to committing adultery "in his heart"
in a 1976 interview with Playboy magazine?
Jimmy Carter
30%

Score Distribution

Percentile by Number Answered

Percent of People with Each Score

Your Score History

You have not taken this quiz